| 000 | 00899nam a22002415i 4500 | ||
|---|---|---|---|
| 001 | 169016 | ||
| 003 | ES-MaACL | ||
| 005 | 20230906213949.0 | ||
| 008 | 080728q1860 fr |||| | fre d | ||
| 080 | _a782.089.6 | ||
| 100 | 1 |
_aMassé, Victor. _978805 |
|
| 245 | 1 | 4 |
_aLes noces de Jeannette [ _hMúsica impresa] _b: opéra-comique en un acte / _cmusique de Victor Massé ; [paroles de J. Barbier et M. Carré]. |
| 260 |
_aParis : _bJ. Tallandier, _c[ca. 1860] |
||
| 300 |
_a1 partitura vocal (XII, 160 p.) : _bil. ; _c29 cm. |
||
| 490 | 1 | _aBibliothèque musicale illustrée. | |
| 650 | 4 |
_aÓperas- _xPartituras vocales. _9137997 |
|
| 700 | 1 |
_aCarré, Michel. _9138040 |
|
| 700 | 1 |
_aBarbier, Jules. _925457 |
|
| 830 | 1 |
_aBibliothèque musicale illustrée. _9222778 |
|
| 852 | 4 |
_aES-MaACL _jL-29284 _z- Biblioteca Jacinto Martínez Lacalle |
|
| 942 | _2udc | ||
| 999 |
_c169016 _d169016 |
||